SHERLOCK HOLMES GERÇEKLER KANIT İSTER (Kayıt no. 1197162)

MARC ayrıntıları
000 -LEADER
sabit uzunluktaki kontrol alanı 00275nam a2200097Ia 4500
001 - KONTROL NUMARASI
kontrol alanı 1197162
005 - EN SON İŞLEMİN TARİH VE ZAMANI
kontrol alanı 20250827021821.0
008 - SABİT-UZUNLUKTA VERİ ÖĞELERİ--GENEL BİLGİ
sabit uzunluktaki kontrol alanı 250824s9999 xx 000 0 und d
245 #0 - ESER / YAZAR
ESER ADI SHERLOCK HOLMES GERÇEKLER KANIT İSTER
Yazar Adı SİR ARTHUR CONAN DOYLE
260 ## - YAYIN, DAĞITIM, VB.
YAYIN EVİ MARTI YAYINCILIK
Mevcut
Düşüm durumu Kayıp durumu Hasar Durumu Ödünç verilmez Ana kütüphane Geçerli Kütüphane Edinilen tarih Toplam ödünç verme sayısı Barkod Son görüntüleme tarihi Son ödünç verme tarihi Fiyatın geçerli olmaya başladığı tarih Koha materyal türü
        MAHMUT SAMİ RAZAMANOĞLU KIZ İMAM HATİP LİSESİ MAHMUT SAMİ RAZAMANOĞLU KIZ İMAM HATİP LİSESİ 24.08.2025 2 110010641 12.03.2026 27.02.2026 27.08.2025 Kitaplar
Gemini Bilgi Teknolojileri A.Ş. tarafından düzenlenmiştir.